000 01232nam a2200337 i 4500
999 _c68858
_d68858
001 68858
003 Mx-PuUPA
005 20220302075614.0
008 200513r20152014mx a br 00| 1 spa d
020 _a9786072412613
020 _a9789687791760 de la colección El barco de vapor
040 _aMx-PuUPA
_bspa
_cMx-PuUPA
_dMx-PuUPA
_erda
041 0 _aspa
100 1 _910736
_aCollado, Paulina del,
_eautor
245 1 3 _aEl extraño caso de Santi y Ago /
_cPaulina del Collado ; ilustraciones de Patricio Betteo.
250 _aPrimera edición
264 3 1 _aCiudad de México :
_bEdiciones SM,
_c2014
300 _a156 páginas :
_bilustraciones ;
_c19 cm.
336 _2rdacontent
_atexto
_btxt
337 _2rdamedia
_asin medio
_bn
338 _2rdacarrier
_avolumen
_bnc
490 1 _aEl barco de vapor. Naranja ;
_v70 M
500 _aEn cubierta: "Premio El barco de vapor"
650 1 4 _aLiteratura mexicana
_vFicción infantil
700 1 _aBetteo, Patricio,
_eilustrador
830 3 _aEl barco de vapor.
_pNaranja ;
_v70 M
942 _2ddc
_cLI
_h808.8035234
_iB297